That 70s Show Other Name Chain Quiz Stats

 Plays Quiz not verified by Sporcle

Also try: 'Family' Titled TV
Challenge
Share
Tweet
Embed
Score 0/16 Timer 03:00
0 Plays Today
Clue Answer % Correct
????
100%
????
98.9%
????
98.2%
????
88%
????
85.4%
????
84.9%
????
83.4%
????
82.3%
Clue Answer % Correct
????
60%
????
51.1%
????
42.5%
????
37.8%
????
29.2%
????
23.8%
????
23.8%
????
22.1%

You're not logged in!

Compare scores with friends on all Sporcle quizzes.
Join for Free
OR
Log In

You Might Also Like...

Show Comments

Extras

Created Jun 14, 2011ReportNominate
Tags:Show Quiz, 1970s, That '70s Show

Top Quizzes Today


Score Distribution

Your Account Isn't Verified!

In order to create a playlist on Sporcle, you need to verify the email address you used during registration. Go to your Sporcle Settings to finish the process.

Report this User

Report this user for behavior that violates our Community Guidelines.

Details: